Betónové konštrukcie II. : Predpätý betón

Guardado en:
Detalles Bibliográficos
Autores principales: Grenčík, Ľudovít (Autor), Zvara, Jozef (Autor)
Formato: Libro
Lenguaje:eslovaco
Publicado: Bratislava : SVŠT v Bratislave, 1986
Etiquetas: Agregar Etiqueta
Sin Etiquetas, Sea el primero en etiquetar este registro!

MARC

LEADER 00000nam a22000003a 4500
001 stu82512
005 20150617225637.8
008 031118s1986----cs------------------slo-d
040 |a STU  |b slo 
041 0 |a slo 
044 |a cs 
080 |a 624.012.3/.4  |7 stu_us_auth*stu4207 
100 1 |a Grenčík, Ľudovít  |4 aut 
245 1 |a Betónové konštrukcie II. :  |b Predpätý betón 
260 |a Bratislava :  |b SVŠT v Bratislave,  |c 1986 
300 |a 161 s 
700 1 |a Zvara, Jozef  |4 aut 
996 |b 284V011449  |c V*25182/S-86  |l VVS  |s A  |a 24  |w stu82512_0001 
996 |b 284V020655  |c V*25184/S-86  |l VVS  |s A  |a 24  |w stu82512_0002 
996 |b 284V023239  |c V*32982/O-13355  |l VVT  |s A  |a 24  |w stu82512_0003